| 000 | 01532nam a22002537a 4500 | ||
|---|---|---|---|
| 999 |
_c22148 _d22148 |
||
| 003 | AR-CdUCM | ||
| 008 | 190515b ||||| |||| 00| 0 spa d | ||
| 040 |
_aMUNICIPALIDAD PROVINCIAL DEL CUSCO _cBIBLIOTECA MUNICIPAL DEL CUSCO |
||
| 082 | _aTiempos/N°10/2015 | ||
| 245 |
_aTiempos revista de historia y cultura / _cTaller de Investigaciones históricas |
||
| 260 |
_aLima : _bTiempos, _c2015. |
||
| 300 |
_a350 páginas ; _c21 cm. |
||
| 440 |
_aTiempos revista de historia y cultura. _nAño 10, N°10, noviembre 2015. _947536 |
||
| 505 | _aContenido: Aves en la mitologíae iconografía del Perú ancestral. Federico Kauffmann Doig. -- La sorprendente vida de Francisco Pizarro. María del Carmen Martín Rubio. -- Diego de León Pinelo su defensa de San Marcos 1648 en la tradición académica y literaria de Lima colonial. Teodoro Hampe Martínez. -- La propiedad de Machupicchu y unos aportes históricos legales para su mejor comprensión en el siglo XXI. Mariana Mould de Pease. -- La economía de la Salud en Variedades durante la república aristocrática. José Chaupis Torres. -- La cofradía de Nuestra Señora de Cocharcas de Lima siglos XVI-XIX. Jimmy Martínez Céspedes. ... | ||
| 650 |
_aHistoria del Perú _9259 |
||
| 650 |
_aMachupicchu _91751 |
||
| 650 |
_aÉpoca colonial _947537 |
||
| 650 |
_aIconografía andina _946792 |
||
| 700 |
_aKauffmann Doig, Federico _96213 |
||
| 700 |
_aMartín Rubio, María del Carmen _946154 |
||
| 700 |
_aMould de Pease, Mariana _97113 |
||
| 942 |
_2ddc _cPP |
||
| 945 | _arac | ||